[Event "ICS rated standard match"]
[Site "204.178.125.65"]
[Date "2001.07.14"]
[Round "?"]
[White "Hossa"]
[Black "Junior7"]
[Result "1/2-1/2"]
[WhiteElo "2293"]
[BlackElo "2041"]
[PlyCount "150"]
[EventDate "2001.??.??"]

1. e4 Nc6 2. d4 e5 3. dxe5 Nxe5 4. f4 Ng6 5. Bc4 c6 6. Ne2 Bc5 7. Nbc3 b5 8.
Bxb5 Qh4+ 9. g3 Qh3 10. Bd3 d6 11. Ng1 Qg2 12. Qf3 Qxf3 13. Nxf3 Bg4 14. Ng1
Nf6 15. h3 Bd7 16. Nge2 O-O 17. Na4 Bb4+ 18. c3 Ba5 19. b4 Bc7 20. c4 Rab8 21.
Ba3 c5 22. b5 Rfe8 23. Nac3 a6 24. bxa6 Ba5 25. Kf2 Ra8 26. Bc1 Rxa6 27. Kf3
Rb6 28. Kg2 Bc6 29. Kf3 Bd7 30. Be3 Rb7 31. Bf2 h5 32. Be3 Bc6 33. Bd2 Rbe7 34.
Rhd1 h4 35. gxh4 Nxh4+ 36. Kg3 Ng6 37. f5 Ne5 38. Bg5 Kh7 39. Bxf6 gxf6 40. a4
Nxd3 41. Rxd3 Bxe4 42. Nxe4 Rxe4 43. Nf4 Rxc4 44. Nd5 Re5 45. Nxf6+ Kg7 46.
Rxd6 Bc7 47. Rd7 Bb8 48. Rb1 Re8+ 49. Rxb8 Rxb8 50. Ng4 Rxa4 51. Rc7 Rb3+ 52.
Kh4 c4 53. Kg5 Ra5 54. h4 c3 55. Nh6 Kf8 56. Nxf7 Ke8 57. h5 Ra2 58. h6 Rg2+
59. Kf6 Rb6+ 60. Ke5 Re2+ 61. Kd4 Rh2 62. Kxc3 Rf6 63. h7 Rh3+ 64. Kc4 Rxf7 65.
h8=Q+ Rxh8 66. Rc8+ Ke7 67. f6+ Kxf6 68. Rxh8 Rg7 69. Kd4 Rf7 70. Ke4 Re7+ 71.
Kf4 Rf7 72. Kg4 Rg7+ 73. Kh4 Kg6 74. Kg4 Rh7 75. Rxh7 Kxh7 {
Game drawn because neither player has mating material} 1/2-1/2

[Event "ICS rated standard match"]
[Site "204.178.125.65"]
[Date "2001.07.14"]
[Round "?"]
[White "Junior7"]
[Black "Hossa"]
[Result "1/2-1/2"]
[WhiteElo "2051"]
[BlackElo "2283"]
[PlyCount "72"]
[EventDate "2001.??.??"]

1. e4 c5 2. Nf3 d6 3. d4 cxd4 4. Nxd4 Nf6 5. Nc3 g6 6. Be3 Bg7 7. f3 O-O 8. Bc4
Nc6 9. Qd2 Nxd4 10. Bxd4 Bd7 11. O-O-O Rc8 12. Bb3 a5 13. a4 Be6 14. e5 dxe5
15. Bxe6 fxe6 16. Bxe5 Qxd2+ 17. Kxd2 Rfd8+ 18. Kc1 Nd5 19. Bxg7 Kxg7 20. Ne4
h6 21. Rhe1 b6 22. Rd2 Nb4 23. Rxd8 Rxd8 24. b3 Kf7 25. Re3 Rc8 26. Re2 Nd3+
27. Kd1 Nc5 28. Nxc5 Rxc5 29. Kd2 Rd5+ 30. Kc3 Kf6 31. Re4 e5 32. Rc4 Rd6 33.
Rc8 Kf5 34. Rf8+ Ke6 35. Rc8 Kf5 36. Rf8+ Ke6 {Game drawn by mutual agreement}
1/2-1/2

[Event "ICS rated standard match"]
[Site "204.178.125.65"]
[Date "2001.07.14"]
[Round "?"]
[White "Hossa"]
[Black "Junior7"]
[Result "0-1"]
[WhiteElo "2274"]
[BlackElo "2060"]
[PlyCount "83"]
[EventDate "2001.??.??"]

1. d4 d5 2. e3 Nf6 3. Bd3 c5 4. c3 Nc6 5. f4 Bg4 6. Nf3 e6 7. Nbd2 Bd6 8. dxc5
Bxc5 9. Nb3 Bb6 10. O-O O-O 11. Qc2 Rc8 12. a3 Bxf3 13. Rxf3 Ne4 14. Rh3 f5 15.
Qe2 e5 16. Bxe4 fxe4 17. Qh5 h6 18. fxe5 Qe7 19. Bd2 Nxe5 20. Rf1 Rxf1+ 21.
Kxf1 Rf8+ 22. Kg1 Qf6 23. Qe2 Nd3 24. Nd4 Nxb2 25. Rh5 Bxd4 26. cxd4 Nc4 27.
Bc1 Qd6 28. Qe1 b5 29. Qb4 Qe6 30. Qe1 Qf7 31. Qe2 Kh7 32. Rh3 a5 33. Rh4 g5
34. Rh3 b4 35. axb4 axb4 36. Rg3 Ra8 37. h3 Ra1 38. Kh2 Rxc1 39. h4 gxh4 40.
Rg4 b3 41. Rf4 Qg7 42. Qf2 {Hossa resigns} 0-1

[Event "ICS rated standard match"]
[Site "204.178.125.65"]
[Date "2001.07.14"]
[Round "?"]
[White "Junior7"]
[Black "Hossa"]
[Result "1-0"]
[WhiteElo "2085"]
[BlackElo "2249"]
[PlyCount "114"]
[EventDate "2001.??.??"]

1. e4 c5 2. Nf3 d6 3. d4 cxd4 4. Nxd4 Nf6 5. Nc3 e6 6. g4 h6 7. Rg1 e5 8. Nf5
h5 9. g5 Nxe4 10. Nxg7+ Bxg7 11. Nxe4 d5 12. g6 Bg4 13. gxf7+ Kxf7 14. Ng5+ Ke8
15. Qd3 e4 16. Qb3 Qd7 17. Be3 Bf6 18. h3 Bxg5 19. Bxg5 Nc6 20. hxg4 Nd4 21.
Bb5 Qxb5 22. Qxb5+ Nxb5 23. O-O-O Nc7 24. Bf6 Rh7 25. gxh5 Rxh5 26. Rg7 Rf5 27.
Rxc7 Rxf6 28. Rxd5 Rxf2 29. Rxb7 Kf8 30. Rh5 Kg8 31. Re5 Rf1+ 32. Kd2 Rf2+ 33.
Ke3 Rxc2 34. Rg5+ Kf8 35. Rh5 Kg8 36. Rbh7 Re8 37. Rh8+ Kf7 38. R5h7+ Kg6 39.
Rxe8 Kxh7 40. Rb8 Kg6 41. Kxe4 Kf6 42. Kd3 Rg2 43. Kc3 Rg7 44. Re8 Rc7+ 45. Kb4
Rb7+ 46. Ka3 Kf5 47. b4 Kf4 48. Ka4 Kf5 49. Ka5 Kf4 50. a4 Kf3 51. b5 Rb6 52.
Re7 Rh6 53. Rxa7 Rh5 54. Re7 Kf4 55. Ka6 Kf5 56. b6 Rh6 57. Ka7 Kf6 {
Hossa resigns} 1-0

[Event "ICS rated standard match"]
[Site "204.178.125.65"]
[Date "2001.07.14"]
[Round "?"]
[White "Hossa"]
[Black "Junior7"]
[Result "0-1"]
[WhiteElo "2226"]
[BlackElo "2108"]
[PlyCount "95"]
[EventDate "2001.??.??"]

1. e4 d6 2. d4 Nf6 3. Nc3 g6 4. Bg5 Bg7 5. Qd2 c6 6. Nf3 b5 7. Bd3 Bg4 8. O-O
Bxf3 9. gxf3 h6 10. Be3 Nbd7 11. a4 a6 12. axb5 axb5 13. Ne2 h5 14. Qc3 Qc8 15.
Rxa8 Qxa8 16. b4 O-O 17. Ra1 Qc8 18. Ra7 e5 19. Qd2 exd4 20. Nxd4 Ne5 21. Be2
Qb8 22. Ra1 c5 23. Nb3 Nc4 24. Qd3 Nxe3 25. Qxe3 c4 26. Nd4 Nd5 27. Qd2 Qb6 28.
Nxb5 Bxa1 29. Qxd5 Be5 30. Bxc4 Qd8 31. f4 Bxf4 32. h3 Be5 33. c3 Qg5+ 34. Kf1
Qc1+ 35. Kg2 Qf4 36. Qd3 Kg7 37. Qf3 Qg5+ 38. Kf1 f5 39. exf5 Rxf5 40. Qe4 d5
41. Bxd5 Qd2 42. f3 Qd1+ 43. Kf2 Bg3+ 44. Kg2 Qd2+ 45. Kxg3 Rg5+ 46. Qg4 hxg4
47. hxg4 Rxd5 48. Nd4 {Hossa resigns} 0-1

[Event "ICS rated standard match"]
[Site "204.178.125.65"]
[Date "2001.07.14"]
[Round "?"]
[White "Junior7"]
[Black "Hossa"]
[Result "1/2-1/2"]
[WhiteElo "2129"]
[BlackElo "2205"]
[PlyCount "102"]
[EventDate "2001.??.??"]

1. e4 c5 2. Nf3 d6 3. d4 cxd4 4. Nxd4 Nf6 5. Nc3 g6 6. Be3 Bg7 7. Qd2 Nc6 8. f3
O-O 9. g4 d5 10. O-O-O dxe4 11. g5 Nd5 12. Nxc6 bxc6 13. Nxe4 Bf5 14. Bd4 Bxd4
15. Qxd4 Qb6 16. c4 Qxd4 17. Rxd4 e5 18. Rd1 Bxe4 19. fxe4 Nf4 20. Rd6 c5 21.
h4 Rfd8 22. Rc6 Rac8 23. Rxc8 Rxc8 24. Rh2 Rd8 25. Rd2 Rd4 26. Rxd4 exd4 27.
Kc2 Kg7 28. a3 a5 29. b4 cxb4 30. axb4 axb4 31. c5 Kf8 32. Bc4 Ne6 33. Kd3
Nxc5+ 34. Kxd4 Nd7 35. Bb3 Ke7 36. e5 Nf8 37. Kc4 Ne6 38. Kxb4 Nd4 39. Bd5 Nf5
40. Kc4 Nxh4 41. Kd3 Nf5 42. Ke4 h5 43. gxh6 Nxh6 44. Kf4 Nf5 45. Kg5 Nd4 46.
Be4 Ne6+ 47. Kh6 g5 48. Bf3 Kd8 49. Bg4 Ke7 50. Bf3 Kd8 51. Bg4 Ke7 {
Game drawn by mutual agreement} 1/2-1/2

[Event "ICS rated standard match"]
[Site "204.178.125.65"]
[Date "2001.07.14"]
[Round "?"]
[White "Hossa"]
[Black "Junior7"]
[Result "0-1"]
[WhiteElo "2202"]
[BlackElo "2132"]
[PlyCount "87"]
[EventDate "2001.??.??"]

1. c4 e5 2. Nc3 Nf6 3. Nf3 d6 4. d4 Nbd7 5. e3 Be7 6. Bd3 O-O 7. O-O c6 8. Qc2
Re8 9. Bd2 Qc7 10. Ng5 h6 11. Nxf7 Rf8 12. dxe5 dxe5 13. Bg6 Rxf7 14. Bxf7+
Kxf7 15. Rfd1 a5 16. Ne4 Nxe4 17. Qxe4 Nf6 18. Qc2 e4 19. h3 Kg8 20. Bc3 Bf5
21. Rd2 Rf8 22. Rad1 b6 23. Bd4 Bb4 24. Re2 Nd7 25. a3 Bd6 26. Red2 Nc5 27.
Bxc5 Bxc5 28. Qc3 Qe7 29. Qc2 Qg5 30. Kh1 Kh7 31. Rb1 Rf6 32. Qd1 Rg6 33. Qg1
Bd6 34. c5 bxc5 35. g4 Qe7 36. Rxd6 Qxd6 37. Qf1 Be6 38. Rd1 Qe7 39. Qg2 Bxg4
40. hxg4 Qh4+ 41. Kg1 Rxg4 42. Rd2 Rxg2+ 43. Kxg2 h5 44. a4 {Hossa resigns} 0-1

[Event "ICS rated standard match"]
[Site "204.178.125.65"]
[Date "2001.07.14"]
[Round "?"]
[White "Tinker"]
[Black "Hossa"]
[Result "1/2-1/2"]
[WhiteElo "2300"]
[BlackElo "2183"]
[PlyCount "234"]
[EventDate "2001.??.??"]

1. e4 c5 2. Nf3 d6 3. d4 cxd4 4. Nxd4 Nf6 5. Nc3 g6 6. Be3 Bg7 7. Be2 O-O 8.
O-O Nc6 9. Nb3 Bd7 10. f4 Qc8 11. Kh1 Ng4 12. Bg1 Bxc3 13. bxc3 Nf6 14. Qd3 Bg4
15. Bxg4 Qxg4 16. Rab1 Rfe8 17. Nd4 Qd7 18. Qf3 Rac8 19. Rfc1 b6 20. f5 Ne5 21.
Qe3 Qa4 22. fxg6 fxg6 23. Re1 Qc4 24. Nb5 a6 25. Na3 Qxa2 26. Ra1 Qb2 27. Qxb6
Qxb6 28. Bxb6 Ned7 29. Ba5 Rf8 30. Kg1 Kf7 31. Bb4 Ne5 32. Nb1 Ra8 33. Nd2 Ke6
34. c4 Rfc8 35. c5 dxc5 36. Bc3 Nfd7 37. Ra5 h6 38. Rea1 Rc6 39. Nb3 Nc4 40.
R5a4 Ne3 41. R4a2 h5 42. Bd2 Nc4 43. Bg5 Nd6 44. Re1 Ne5 45. Be3 Rac8 46. Bf4
R8c7 47. Ra4 Ra7 48. Rea1 Ra8 49. Na5 Rb6 50. Nb3 Nb7 51. Nd2 Rc6 52. Nb3 h4
53. Be3 Kd7 54. Rb1 h3 55. gxh3 Ke6 56. Nd2 Nd6 57. Nb3 Nd7 58. Kh1 Ke5 59. Re1
Nb6 60. Raa1 Nb7 61. Nd2 Ke6 62. Rg1 Kf7 63. Raf1+ Ke8 64. Rg5 a5 65. Rfg1 Kf7
66. h4 Rh8 67. Bf4 a4 68. R5g3 Na5 69. Bg5 Nac4 70. Nb1 Rcc8 71. Rf3+ Ke6 72.
Bf4 Rcg8 73. Bg3 Ne5 74. Rc3 Nbd7 75. Ra3 Ra8 76. Nc3 Ra6 77. Rga1 Nc4 78. Rxa4
Rxa4 79. Rxa4 Ne3 80. Ra6+ Kf7 81. Ra7 Nb6 82. Bf2 Nbc4 83. Rc7 Ra8 84. Rxc5
Ra1+ 85. Bg1 Nd2 86. Rb5 Re1 87. h3 Rc1 88. Ne2 Re1 89. Nd4 Nxe4 90. Kh2 Nxc2
91. h5 gxh5 92. Rxh5 Rxg1 93. Nxc2 Rd1 94. Ne3 Rd2+ 95. Kg1 e6 96. h4 Rd3 97.
Nc4 Rc3 98. Ne5+ Kg7 99. Kg2 Rg3+ 100. Kh2 Ra3 101. Nc6 Ra2+ 102. Kg1 Kf6 103.
Rh6+ Kf5 104. Nd8 e5 105. Rh8 Kg4 106. Nf7 Kg3 107. Rg8+ Kh3 108. Ng5+ Nxg5
109. hxg5 Kg3 110. Rf8 Ra1+ 111. Rf1 Ra8 112. g6 e4 113. g7 e3 114. Re1 Kf3
115. Rf1+ Kg3 116. Rf8 Ra1+ 117. Rf1 Ra8 {Game drawn by repetition} 1/2-1/2

[Event "ICS rated blitz match"]
[Site "204.178.125.65"]
[Date "2001.07.14"]
[Round "?"]
[White "Hossa"]
[Black "ChesterX"]
[Result "0-1"]
[WhiteElo "2676"]
[BlackElo "2711"]
[PlyCount "67"]
[EventDate "2001.??.??"]

1. c4 e5 2. Nc3 Nc6 3. Nf3 Nf6 4. e3 d5 5. cxd5 Nxd5 6. Bb5 Nxc3 7. bxc3 Bd6 8.
e4 Bd7 9. O-O O-O 10. d3 h6 11. Bd2 a6 12. Ba4 Qf6 13. Rb1 b5 14. Bb3 Ne7 15.
Ne1 c5 16. Qh5 Rad8 17. Nc2 Bc6 18. Rfe1 Bc7 19. Rbd1 Rxd3 20. Na3 Rfd8 21. Nb1
c4 22. Bc2 Bb6 23. Re2 Bxe4 24. Bxd3 Bxd3 25. Rde1 e4 26. Be3 Rd5 27. Qg4 h5
28. Qg3 Bxe2 29. Nd2 Qxc3 30. Qb8+ Bd8 31. Rxe2 Qa1+ 32. Nf1 Rd1 33. Re1 Rxe1
34. Qxd8+ {Hossa resigns} 0-1

[Event "ICS rated blitz match"]
[Site "204.178.125.65"]
[Date "2001.07.14"]
[Round "?"]
[White "ChesterX"]
[Black "Hossa"]
[Result "1-0"]
[WhiteElo "2725"]
[BlackElo "2662"]
[PlyCount "134"]
[EventDate "2001.??.??"]

1. e4 e5 2. Nf3 Nc6 3. Nc3 g6 4. d4 exd4 5. Nxd4 Bg7 6. Be3 Nxd4 7. Bxd4 Bxd4
8. Qxd4 Qf6 9. e5 Qb6 10. Qxb6 axb6 11. Bc4 Ne7 12. Nb5 Kd8 13. O-O Rf8 14. a3
Nc6 15. Rfe1 g5 16. Re3 Ra5 17. Rd1 Re8 18. Rde1 Re7 19. Bd3 h5 20. c4 Re8 21.
b4 Ra4 22. Bf5 Ra8 23. h3 Ra4 24. Bc2 Ra8 25. Bd1 h4 26. Bc2 Re6 27. Bf5 Re8
28. Bg4 Ra6 29. R1e2 Ra4 30. Bf5 Ra6 31. Bh7 Ra4 32. Bc2 Ra6 33. Re1 Ra8 34.
Bb1 Ra6 35. Bh7 Ra4 36. Kh1 Ra8 37. Bf5 Ra6 38. Bc2 Re6 39. Bb1 Re8 40. Kh2 Ra4
41. Bf5 Ra8 42. Bg4 Ra4 43. Bh5 Re7 44. Kg1 Ra8 45. Bg4 Re8 46. Kh1 Na7 47. Nd4
Nc6 48. Nf3 Rg8 49. Rd1 Ke7 50. Bf5 Nd8 51. Rd4 c5 52. Rg4 cxb4 53. axb4 Ra2
54. Kg1 Ra1+ 55. Kh2 Ra2 56. Nxg5 Nc6 57. Bh7 Rg7 58. f4 b5 59. cxb5 Nd4 60. f5
Kd8 61. f6 Rxg5 62. Rxg5 Kc7 63. Bg8 Rc2 64. Bxf7 Kb6 65. Bd5 Rf2 66. Rf3 Nxf3+
67. Bxf3 d6 {Hossa resigns} 1-0

[Event "ICS rated blitz match"]
[Site "204.178.125.65"]
[Date "2001.07.14"]
[Round "?"]
[White "Hossa"]
[Black "Amateur"]
[Result "1-0"]
[WhiteElo "2649"]
[BlackElo "2571"]
[PlyCount "56"]
[EventDate "2001.??.??"]

1. e4 e6 2. d4 d5 3. Nd2 Nf6 4. e5 Nfd7 5. Bd3 c5 6. c3 Nc6 7. Ne2 Qb6 8. Nf3
cxd4 9. cxd4 f6 10. exf6 Nxf6 11. O-O Bd6 12. Nc3 Bd7 13. Nb5 Be7 14. Be2 Rc8
15. Bf4 Na5 16. Rc1 Rxc1 17. Qxc1 Bxb5 18. Bxb5+ Qxb5 19. Qc8+ Bd8 20. Qxe6+
Be7 21. Qc8+ Bd8 22. Re1+ Ne4 23. Ne5 Nb3 24. Qe6+ Be7 25. Bg5 Kd8 26. Nf7+ Kc7
27. Bf4+ Bd6 28. Bxd6+ Kb6 {Amateur resigns} 1-0

[Event "ICS rated blitz match"]
[Site "204.178.125.65"]
[Date "2001.07.14"]
[Round "?"]
[White "Amateur"]
[Black "Hossa"]
[Result "0-1"]
[WhiteElo "2559"]
[BlackElo "2661"]
[PlyCount "134"]
[EventDate "2001.??.??"]

1. c4 e5 2. Nc3 Nc6 3. g3 g6 4. Bg2 d6 5. Bxc6+ bxc6 6. d4 exd4 7. Qxd4 Qf6 8.
Qe4+ Ne7 9. Nb5 Kd8 10. Be3 Bf5 11. Qd4 Bg7 12. Qxf6 Bxf6 13. Bd4 Ng8 14. Bxf6+
Nxf6 15. Nd4 Be4 16. f3 c5 17. Nb5 Bc6 18. Nh3 Bxb5 19. cxb5 Kd7 20. e4 Rhb8
21. a4 a6 22. Kf2 h6 23. Nf4 Ra7 24. Ra2 axb5 25. a5 Rba8 26. Rha1 Kc6 27. Ne2
d5 28. e5 Nd7 29. f4 b4 30. Nc1 c4 31. Ne2 Nc5 32. Ke3 Kb7 33. Nc1 c6 34. Kd4
Ne6+ 35. Ke3 d4+ 36. Ke4 d3 37. Ke3 Nc5 38. e6 fxe6 39. Kf3 Rd8 40. a6+ Kb6 41.
f5 gxf5 42. Ne2 dxe2 43. Kxe2 Nb3 44. Rf1 Rd2+ 45. Ke3 Rxh2 46. Rf4 Rxa6 47.
Rxa6+ Kxa6 48. Rxc4 Kb5 49. Rf4 Na5 50. g4 Nc4+ 51. Kf3 Rh3+ 52. Kg2 Rh4 53.
Kf3 Rxg4 54. Rxg4 fxg4+ 55. Ke4 Nxb2 56. Kd4 c5+ 57. Ke3 c4 58. Kf2 b3 59. Kg3
h5 60. Kf2 c3 61. Kg3 Nd3 62. Kg2 h4 63. Kg1 b2 64. Kg2 b1=R 65. Kh2 Rb2+ 66.
Kg1 c2 67. Kh1 c1=Q# {Amateur checkmated} 0-1

[Event "ICS rated blitz match"]
[Site "204.178.125.65"]
[Date "2001.07.14"]
[Round "?"]
[White "Hossa"]
[Black "Amateur"]
[Result "1-0"]
[WhiteElo "2672"]
[BlackElo "2548"]
[PlyCount "123"]
[EventDate "2001.??.??"]

1. e4 c5 2. Nf3 Nc6 3. Bc4 g6 4. O-O Bg7 5. c3 Na5 6. Be2 Nf6 7. e5 Nd5 8. d4
cxd4 9. Qxd4 Nb6 10. Qh4 Qc7 11. Bf4 Qd8 12. Bh6 O-O 13. Ng5 f6 14. exf6 exf6
15. Bxg7 fxg5 16. Qh6 Rf7 17. Bd4 d5 18. Be3 g4 19. Bc5 Bf5 20. Nd2 Na4 21. Ba3
Qb6 22. c4 d4 23. c5 Qc6 24. Bb4 Re8 25. Bd1 b6 26. Bxa5 bxa5 27. Bb3 Be6 28.
Nc4 Rf6 29. Ne5 Qb5 30. Nxg4 Rff8 31. Qh4 Bxb3 32. axb3 Nxc5 33. Nf6+ Rxf6 34.
Qxf6 Nxb3 35. Rae1 Qd7 36. Rxe8+ Qxe8 37. Qa6 Qd7 38. Qc4+ Qf7 39. Qc8+ Kg7 40.
Re1 h6 41. Qd8 Nc1 42. Re7 Ne2+ 43. Rxe2 Qf8 44. Re7+ Kg8 45. Qd5+ Kh8 46.
Qxd4+ Kg8 47. Qd5+ Kh8 48. Rf7 Qxf7 49. Qxf7 g5 50. Qg6 g4 51. Qxh6+ Kg8 52.
Qg6+ Kf8 53. Qxg4 Ke7 54. Qg5+ Kf7 55. Qxa5 Ke6 56. b4 Kf6 57. Qa1+ Kf5 58. g4+
Kxg4 59. Qf6 Kh5 60. f3 a6 61. h4 a5 62. Qg5# {Amateur checkmated} 1-0

[Event "ICS rated blitz match"]
[Site "204.178.125.65"]
[Date "2001.07.14"]
[Round "?"]
[White "Amateur"]
[Black "Hossa"]
[Result "0-1"]
[WhiteElo "2537"]
[BlackElo "2683"]
[PlyCount "100"]
[EventDate "2001.??.??"]

1. c4 e5 2. Nc3 Nc6 3. g3 g6 4. Bg2 Bg7 5. d3 Nge7 6. Nf3 d6 7. O-O O-O 8. Bd2
Bd7 9. Qb3 Qc8 10. Rae1 f6 11. c5+ Be6 12. Qa3 d5 13. Qa4 d4 14. Ne4 b5 15. Qa3
h6 16. Bc1 Qd7 17. e3 a5 18. exd4 a4 19. Bd2 exd4 20. Nh4 g5 21. Nf3 Rfb8 22.
Re2 b4 23. Bxb4 Rxb4 24. Rfe1 Bd5 25. Nexg5 hxg5 26. Rxe7 Nxe7 27. Qxb4 Nc6 28.
Qa3 Ra5 29. Rc1 Bf8 30. Ne1 Bxg2 31. Nxg2 Qd5 32. b4 axb3 33. Qxb3 Qxb3 34.
axb3 Rb5 35. f4 Rxb3 36. fxg5 fxg5 37. Ne1 Ne5 38. Kh1 Nxd3 39. Nxd3 Rxd3 40.
g4 Rc3 41. Rb1 Bxc5 42. Rb7 d3 43. Rb8+ Kf7 44. Rb7 d2 45. Rxc7+ Ke6 46. Rc6+
Kd5 47. Rxc5+ Rxc5 48. Kg2 Rc2 49. Kf3 d1=Q+ 50. Kg3 Qd3# {Amateur checkmated}
0-1

[Event "ICS rated blitz match"]
[Site "204.178.125.65"]
[Date "2001.07.14"]
[Round "?"]
[White "Hossa"]
[Black "sekere"]
[Result "1-0"]
[WhiteElo "2693"]
[BlackElo "2068"]
[PlyCount "53"]
[EventDate "2001.??.??"]

1. e4 e6 2. d4 d5 3. Nd2 c6 4. Be2 Bd6 5. Ngf3 Nd7 6. O-O Ne7 7. Bd3 O-O 8. e5
Bc7 9. Bxh7+ Kh8 10. Ng5 Ng8 11. Qh5 Nh6 12. b3 Qe7 13. Ndf3 c5 14. Ba3 b6 15.
Rfe1 Ba6 16. Nh4 Bd8 17. f4 Rc8 18. Kh1 Re8 19. Bg6 Nf8 20. Nxf7+ Kg8 21. Nxh6+
gxh6 22. Bxe8 cxd4 23. Bxe7 Bxe7 24. Qf7+ Kh8 25. Qxe7 Nh7 26. Ng6+ Kg8 27.
Qf7# {sekere checkmated} 1-0

[Event "ICS rated blitz match"]
[Site "204.178.125.65"]
[Date "2001.07.14"]
[Round "?"]
[White "Hossa"]
[Black "gerbil"]
[Result "0-1"]
[WhiteElo "2695"]
[BlackElo "2355"]
[PlyCount "220"]
[EventDate "2001.??.??"]

1. Nf3 d5 2. g3 Nf6 3. c4 e6 4. cxd5 exd5 5. Bg2 Bd6 6. Nc3 O-O 7. O-O Nc6 8.
d4 Be6 9. Ng5 Qc8 10. Nb5 Qd7 11. Nxd6 cxd6 12. Bf4 Bf5 13. Rc1 b5 14. b3 Rad8
15. a3 Ne7 16. Qd2 Ng6 17. Be3 Ne7 18. Rfd1 Ne4 19. Qe1 Rc8 20. Qf1 Nxg5 21.
Bxg5 f6 22. Bf4 Bc2 23. Rd2 Bxb3 24. Rb2 Bc4 25. Bh3 f5 26. Bd2 Nc6 27. Be3 Qe6
28. Qd1 Rfe8 29. Qc2 Rf8 30. Qd1 Rfe8 31. Qc2 g6 32. Qd2 Qd7 33. Qd1 Qg7 34.
Bg2 a5 35. Rd2 a4 36. Qc2 Qe7 37. Qc3 Qf6 38. Rb2 Qg7 39. Qd2 Qf6 40. Rbb1 Qe6
41. Bf3 Qf6 42. Rc2 Qh8 43. Rbc1 Qg7 44. Bg2 Rc7 45. h3 Qf7 46. Bf3 Qf6 47. Rb1
Qg7 48. Rcc1 Rcc8 49. Bg2 Qe7 50. Rc2 Qf7 51. Bf3 Qg7 52. Kh1 Qh8 53. Rbc1 Qf6
54. Bg2 Qf7 55. Bf1 Qa7 56. Rb1 Bb3 57. Rc3 Na5 58. Bg2 Bc4 59. Rc2 Rcd8 60.
Kg1 Nb3 61. Qb4 Qd7 62. Qe1 Qb7 63. Qd1 Qa7 64. Kh2 Qe7 65. Bf3 Qa7 66. Rcb2
Rc8 67. Kg1 Qb6 68. Bg2 Qa7 69. Bh1 Qb6 70. Bg2 Qa7 71. Bf1 Rb8 72. Bg2 Qg7 73.
Bf3 Qa7 74. Bg2 Qg7 75. Bf3 Qh8 76. Bg2 Qf6 77. Rc2 Rbd8 78. Rbb2 Qg7 79. Rc3
Rc8 80. Rbc2 Rcd8 81. Rb2 Rd7 82. Bf3 Qf6 83. Rcc2 Rdd8 84. Bh1 Kg7 85. Bg2 Kg8
86. Kh2 Qe7 87. Rc3 Qf6 88. Rbc2 Qg7 89. Bf3 Qa7 90. Rb2 Qa5 91. Rcc2 Qa7 92.
Kg1 Qg7 93. Rb1 Rf8 94. Rc3 g5 95. Bg2 f4 96. gxf4 gxf4 97. Bc1 Nxd4 98. Kh1
Bxe2 99. Bxd5+ Kh8 100. Qd2 Qe5 101. Bb7 Rf7 102. Rc8 Rxc8 103. Bb2 Rc4 104.
Bc6 Rc7 105. Bxb5 Qe4+ 106. Kh2 Rg7 107. Rg1 Nf3+ 108. Kh1 Nxg1+ 109. f3 Qxf3+
110. Kh2 Qxh3# {Hossa checkmated} 0-1

[Event "ICS rated blitz match"]
[Site "204.178.125.65"]
[Date "2001.07.14"]
[Round "?"]
[White "gerbil"]
[Black "Hossa"]
[Result "0-1"]
[WhiteElo "2383"]
[BlackElo "2667"]
[PlyCount "150"]
[EventDate "2001.??.??"]

1. d4 d5 2. c4 dxc4 3. Nf3 Nf6 4. e3 Bg4 5. Bxc4 e6 6. O-O Nbd7 7. Nc3 Bd6 8.
e4 e5 9. d5 O-O 10. Be3 Bb4 11. Bb5 Bxc3 12. bxc3 Nxe4 13. Bxd7 Bxd7 14. Nxe5
Nxc3 15. Qb3 Nb5 16. f4 Re8 17. Rac1 Nd6 18. Rfe1 Bb5 19. a4 Ba6 20. a5 Re7 21.
Rc2 Qe8 22. Bf2 f6 23. Nf3 Rxe1+ 24. Nxe1 Qb5 25. Qxb5 Nxb5 26. Nd3 Na3 27. Rc3
Nb1 28. Rb3 Nd2 29. Ra3 Bxd3 30. Rxd3 Ne4 31. g4 b5 32. axb6 axb6 33. Be3 Ra2
34. Rd4 f5 35. gxf5 Nd6 36. f6 gxf6 37. Rd3 Rc2 38. h3 Kg7 39. Kf1 Kg6 40. Bd2
Kf5 41. Ke1 Ne4 42. Be3 Rc3 43. Ke2 Ng3+ 44. Kd2 Rxd3+ 45. Kxd3 Nh5 46. Bc1
Nxf4+ 47. Kc4 Ke4 48. Bxf4 Kxf4 49. Kb5 f5 50. h4 Ke4 51. Kb4 f4 52. Kc3 Ke3
53. Kc4 f3 54. Kb5 f2 55. Kc6 f1=Q 56. Kxc7 Qf4+ 57. d6 Qxd6+ 58. Kxd6 Kf4 59.
Ke6 Kg4 60. Ke5 h5 61. Ke4 Kxh4 62. Kf3 Kg5 63. Ke3 h4 64. Kf3 Kf5 65. Ke2 h3
66. Kf3 b5 67. Kg3 b4 68. Kxh3 b3 69. Kg3 b2 70. Kf3 b1=Q 71. Ke3 Qd1 72. Kf2
Kf4 73. Kg2 Qe1 74. Kh2 Kf3 75. Kh3 Qh1# {gerbil checkmated} 0-1

[Event "ICS rated standard match"]
[Site "204.178.125.65"]
[Date "2001.07.14"]
[Round "?"]
[White "Hossa"]
[Black "BrazilianMaster"]
[Result "0-1"]
[WhiteElo "2188"]
[BlackElo "2697"]
[PlyCount "97"]
[EventDate "2001.??.??"]

1. e4 e5 2. Nf3 Nc6 3. Bb5 a6 4. Ba4 Nf6 5. O-O Be7 6. Re1 b5 7. Bb3 d6 8. c3
O-O 9. h3 Na5 10. Bc2 c5 11. d4 Qc7 12. Nbd2 cxd4 13. cxd4 Bd7 14. Re3 exd4 15.
Nxd4 Rac8 16. N2f3 Nc4 17. Re1 Qc5 18. b3 Ne5 19. Bb2 Bd8 20. Rc1 Ba5 21. Re3
Rfe8 22. a3 Qa7 23. Ng5 Bb6 24. Re2 a5 25. Ba1 a4 26. bxa4 bxa4 27. Rb1 Nc4 28.
Nb5 Bxb5 29. Rxb5 Nxa3 30. Bxa4 Nxb5 31. Bxb5 Re7 32. Bxf6 gxf6 33. Nf3 Rec7
34. Qd2 Rc1+ 35. Kh2 Qa1 36. Bd7 R8c3 37. Kg3 Rg1 38. Bb5 Bd4 39. Bd7 Be5+ 40.
Kh4 Rxg2 41. Nxe5 dxe5 42. Bf5 Rf3 43. Re1 Qa3 44. Rh1 Rf4+ 45. Qxf4 exf4 46.
Rb1 Qf3 47. Rb8+ Kg7 48. Rb2 Kh6 49. Bg4 {Hossa resigns} 0-1

[Event "ICS rated standard match"]
[Site "204.178.125.65"]
[Date "2001.07.14"]
[Round "?"]
[White "BrazilianMaster"]
[Black "Hossa"]
[Result "1-0"]
[WhiteElo "2699"]
[BlackElo "2186"]
[PlyCount "108"]
[EventDate "2001.??.??"]

1. e4 c5 2. Nf3 d6 3. d4 cxd4 4. Nxd4 Nf6 5. Nc3 g6 6. Be2 Bg7 7. O-O O-O 8.
Be3 Nc6 9. Nb3 Bd7 10. f4 Qc8 11. h3 Ne8 12. Qd2 f5 13. exf5 Bxf5 14. g4 Bd7
15. Nd4 Nxd4 16. Bxd4 Bxd4+ 17. Qxd4 e6 18. Rae1 Qc5 19. Qxc5 dxc5 20. Bc4 Nc7
21. f5 gxf5 22. gxf5 Rae8 23. Ne4 Bb5 24. Bxb5 Nxb5 25. f6 Nd4 26. Nxc5 Kf7 27.
Nxb7 Rb8 28. Nd6+ Kg6 29. Nc4 Rb5 30. c3 Nf5 31. Re5 Rxe5 32. Nxe5+ Kh6 33. Kf2
Nd6 34. Ke3 Nf5+ 35. Kf4 Nd6 36. Nd7 Rd8 37. Nc5 Nf7 38. Nxe6 Rd2 39. h4 Rxb2
40. Ng5 Nxg5 41. hxg5+ Kg6 42. Ke5 Re2+ 43. Kd6 Kf7 44. Rb1 Rd2+ 45. Kc6 Rxa2
46. Rb7+ Kg8 47. Rg7+ Kh8 48. Kd6 Rb2 49. c4 Rb6+ 50. Kd5 Rb8 51. c5 Rd8+ 52.
Ke6 Rc8 53. Rd7 Kg8 54. Ke7 Rf8 {Hossa resigns} 1-0

[Event "ICS rated blitz match"]
[Site "204.178.125.65"]
[Date "2001.07.14"]
[Round "?"]
[White "Amateur"]
[Black "Hossa"]
[Result "1/2-1/2"]
[WhiteElo "2563"]
[BlackElo "2672"]
[PlyCount "114"]
[EventDate "2001.??.??"]

1. e4 c5 2. Nf3 d6 3. d4 cxd4 4. Nxd4 Nf6 5. Nc3 g6 6. Be2 Bg7 7. O-O O-O 8.
Bg5 a6 9. Bf3 Re8 10. Rb1 Ra7 11. Be3 b6 12. Nd5 Nxd5 13. exd5 Qc7 14. c3 e5
15. dxe6 fxe6 16. Qb3 Bf6 17. Rbe1 Kg7 18. Bg4 e5 19. Ne6+ Bxe6 20. Bxe6 Nd7
21. Bxd7 Qxd7 22. Qxb6 Rb7 23. Qxa6 Rxb2 24. Rd1 Be7 25. Rd2 Rxd2 26. Bxd2 Rb8
27. Qa3 d5 28. Qc1 Kg8 29. Bh6 Bf8 30. Bxf8 Rxf8 31. Qe3 Qa4 32. Qxe5 Qxa2 33.
f4 Qd2 34. g4 Rf7 35. f5 gxf5 36. Rxf5 Rxf5 37. gxf5 h6 38. f6 Qg5+ 39. Qxg5+
hxg5 40. Kf2 Kf7 41. Kg3 Kxf6 42. Kg4 Kg6 43. Kf3 Kf5 44. h3 Ke6 45. Ke3 Ke5
46. Kd3 Kf5 47. Ke3 Ke5 48. Kf3 Kf5 49. Kg3 Kf6 50. Kf2 Ke6 51. Ke2 Kd6 52. Kf3
Ke6 53. Kf2 Kf6 54. Ke2 Ke6 55. Kd3 Kf5 56. Kd4 Ke6 57. Kd3 Kf5 {
Game drawn by repetition} 1/2-1/2

[Event "ICS rated blitz match"]
[Site "204.178.125.65"]
[Date "2001.07.14"]
[Round "?"]
[White "Hossa"]
[Black "MUTILADOR"]
[Result "1-0"]
[WhiteElo "2667"]
[BlackElo "2119"]
[PlyCount "53"]
[EventDate "2001.??.??"]

1. e4 Nf6 2. e5 Nd5 3. Nc3 Nxc3 4. bxc3 d6 5. f4 g6 6. Nf3 Bg7 7. Be2 O-O 8.
O-O c5 9. d4 Qa5 10. Bb2 b5 11. Ng5 h6 12. Bf3 hxg5 13. Bxa8 gxf4 14. exd6 exd6
15. Rxf4 c4 16. Rf2 Na6 17. Qf3 Nc7 18. Bc6 Qb6 19. Ba3 Bf5 20. Bxd6 Rd8 21.
Bc5 Qa6 22. g4 f6 23. gxf5 gxf5 24. Be7 Rc8 25. Bb7 Qe6 26. Re2 Qd7 27. Bc6 {
MUTILADOR resigns} 1-0